| 000 | 01335nam a2200361 a 4500 | ||
|---|---|---|---|
| 001 | ebr10494006 | ||
| 003 | CaPaEBR | ||
| 006 | m u | ||
| 007 | cr cn||||||||| | ||
| 008 | 110929s2011 enkac sb 001 0 eng d | ||
| 020 | _z9781905832965 | ||
| 020 | _z9781905832972 (e-book) | ||
| 040 |
_aCaPaEBR _cCaPaEBR |
||
| 035 | _a(OCoLC)753324026 | ||
| 050 | 1 | 4 |
_aRC919 _b.S53 2011eb |
| 100 | 1 | _aSlack, Alex. | |
| 245 | 1 | 0 |
_aFast facts _h[electronic resource] : _bbladder disorders / _cAlex Slack, Diane K. Newman, Alan J. Wein. |
| 246 | 3 | _aBladder disorders | |
| 250 | _a2nd ed. | ||
| 260 |
_aAbingdon, Oxford : _bHealth Press, _c2011. |
||
| 300 |
_a125 p. : _bill. (chiefly col.), col. ports. |
||
| 490 | 1 | _aFast facts | |
| 504 | _aIncludes bibliographical references and index. | ||
| 533 |
_aElectronic reproduction. _bPalo Alto, Calif. : _cebrary, _d2013. _nAvailable via World Wide Web. _nAccess may be limited to ebrary affiliated libraries. |
||
| 650 | 0 | _aUrinary incontinence. | |
| 650 | 0 |
_aUrinary organs _xDiseases. |
|
| 655 | 7 |
_aElectronic books. _2local |
|
| 700 | 1 | _aNewman, Diane K. | |
| 700 | 1 | _aWein, Alan J. | |
| 710 | 2 | _aebrary, Inc. | |
| 830 | 0 | _aFast facts. | |
| 856 | 4 | 0 |
_uhttp://site.ebrary.com/lib/rucke/Doc?id=10494006 _zAn electronic book accessible through the World Wide Web; click to view |
| 999 |
_c129843 _d129843 |
||